000 00891nam a2200217Ia 4500
003 Ost
005 20260507074850.0
008 260507s9999||||xx |||||||||||||| ||und||
040 _cfsecg
041 _aara
082 _a346.02
100 _aحنا، بدوي
_eمؤلف
245 0 _aموجبات وعقود :
_bاجتهادات - نصوص وقوانين /
_c بدوي حنا
260 _aبيروت:
_bمنشورات الحلبي الحقوقية,
_c1999
300 _a760 صفحة؛
_bإيضاحات ؛
_c25 سم
520 _aيضم بيع، تحكيم، تعويض، تفسير العقود، تمييز، دعوى غير مباشرة، دين، ضمان، غبن، فائدة، كفالة، مالية، مرور زمن، مسؤولية، عقود وهبة.
653 _aالعقود
653 _aالقانون
653 _aالقانون المدني
942 _cكتاب
999 _c41562
_d41562